Survey methodology

-д хадгалсан:
Номзүйн дэлгэрэнгүй
Үндсэн зохиолчид: Groves, Robert M (Зохиогч), Fowler, Floyd J (Зохиогч), Couper, Mick P (Зохиогч), Lepkowski, James M (Зохиогч), Singer, Eleanor (Зохиогч), Tourangeau, Roger (Зохиогч)
Формат: Ном
Хэл сонгох:англи
Хэвлэсэн: John Wiley and Sons 2009
Хэвлэл:2a. ed
Нөхцлүүд:
Шошгууд: Шошго нэмэх
Шошго байхгүй, Энэхүү баримтыг шошголох эхний хүн болох!

MARC

LEADER 00000cam a2200000 a 4500
001 UCG8087
003 CL-VaPUC
008 111118e20090000US |||||||||||||||||eng|d
020 |a 9780470465462 
082 0 4 |a 001.433  |b GRO  |2 21 
100 |a Groves, Robert M  |e author  |9 558644 
700 0 |a Fowler, Floyd J  |e author  |9 558645 
700 0 |a Couper, Mick P  |e author  |9 558646 
700 0 |a Lepkowski, James M  |e author  |9 558647 
700 0 |a Singer, Eleanor  |e author  |9 558648 
700 0 |a Tourangeau, Roger  |e author  |9 558649 
245 1 0 |a Survey methodology 
250 |a 2a. ed 
300 |a 461 p 
942 |c BK 
945 |d 20111118 00:00:00  |a dcastane 
260 |b John Wiley and Sons  |c 2009 
650 7 |a ENCUESTAS SOCIALES  |2 CL-VaPUC  |9 271428 
650 0 |a Muestreo  |9 270457 
650 0 |a Estadística   |9 259535 
650 0 |a Ciencias sociales   |9 256351 
583 |a last modification  |c 20111118 11:09:00  |k Rodrigo Vera 
999 |c 345726  |d 345724 
952 |0 0  |1 0  |4 0  |6 001_433000000000000_GRO_2009  |7 0  |8 A  |9 445537  |a BIBING  |b BIBING  |d 2019-11-22  |i 4803183  |o 001.433 GRO 2009  |p 4803183  |r 2024-01-25  |w 2019-11-22  |y BK  |k EII